Advanced General knowledge #2 - Statistics

General Stats
  • This quiz has been taken 54 times
  • The average score is 5 of 15
Answer Stats
Hint Answer % Correct
What country is located between Ukraine and Romania Moldova
72%
Windhoek is the capital of which country Namibia
67%
What is that country's capital Chișinău
52%
Who played Morpheus in "the Matrix" Laurence Fishburne
52%
In which city is the large hadron collider located Geneva
50%
Who wrote "I, robot" Isaac Asimov
46%
Which country was known as "Opper Volta" Burkina Faso
30%
During the cold war, what company made the Soviet supersonic fighters MiG
28%
In Greek mythology, who solves the sphinx's riddle Oedipus
17%
Who wrote "cloud atlas" David Mitchell
13%
What is the vegan alternative to gelatin made out of algae Agar Agar
11%
Who founded the red cross Henri Dunant
7%
Who sang the original "The end of the world" in 1962 Skeeter Davis
7%
What is orange in "agent orange" Barrel lid
0%
Who was Hugo Chavez's predecessor Rafael Caldera
0%
No matching quizzes found
Score Distribution
Percent of People with Each Score
Percentile by Number Answered
Your Score History
You have not taken this quiz